Microeconomía : versión para latinoamérica / Michael Parkin (Registro nro. 16907)

Detalles MARC
000 -LÍDER
fixed length control field 00485nam a2200169 4500
008 - ELEMENTOS DE LONGITUD FIJA -- INFORMACIÓN GENERAL
fixed length control field 0 2001 0a 000 0MEX
020 ## - NÚMERO INTERNACIONAL NORMALIZADO PARA LIBROS
ISBN 968-444-442-7
050 ## - SIGNATURA TOPOGRAFICA DE LA BIBLIOTECA DEL CONGRESO (LC)
Número de Clasificación HB172 P2418 2001
082 ## - NUMERO DE CLASIFICACION DECIMAL DEWEY
Número de Clasificación 338.5 P248m
100 ## - ASIENTO PRINCIPAL--NOMBRE PERSONAL
Nombre personal Parkin, Michael
245 ## - TÍTULO
Título Microeconomía : versión para latinoamérica / Michael Parkin
250 ## - MENCIÓN DE EDICIÓN
Mención de edición 5
260 ## - PUBLICACIÓN, DISTRIBUCIÓN, ETC. (PIE DE IMPRENTA)
Lugar de publicación, distribución, etc. México : Pearson educación
300 ## - DESCRIPCIÓN FÍSICA
Extensión 600 p. / 24 cm.
650 ## - ASIENTO SECUNDARIO DE MATERIA - TERMINO TEMÁTICO
Término temático o nombre geográfico como elemento de entrada 1.MICROECONOMIA
700 ## - ASIENTO SECUNDARIO - NOMBRE PERSONAL
Nombre personal Esquivel, Gerardo. Coaut.
Existencias
No. biblioteca No. biblioteca Número de clasificación Código de barras/Número de adquisición Número de copia Tipo de material
LUIS G. INCLAN LUIS G. INCLAN 338.5 P248m 43245 1 Libros
LUIS G. INCLAN LUIS G. INCLAN 338.5 P248m 43246 2 Libros
LUIS G. INCLAN LUIS G. INCLAN 338.5 P248m 43247 3 Libros
LUIS G. INCLAN LUIS G. INCLAN 338.5 P248m 43248 4 Libros
LUIS G. INCLAN LUIS G. INCLAN 338.5 P248m 43249 5 Libros
LUIS G. INCLAN LUIS G. INCLAN 338.5 P248m 43250 6 Libros
LUIS G. INCLAN LUIS G. INCLAN 338.5 P248m 43251 7 Libros
LUIS G. INCLAN LUIS G. INCLAN 338.5 P248m 43252 8 Libros
LUIS G. INCLAN LUIS G. INCLAN 338.5 P248m 43253 9 Libros
LUIS G. INCLAN LUIS G. INCLAN 338.5 P248m 43254 10 Libros
LUIS G. INCLAN LUIS G. INCLAN 338.5 P248m 44888 11 Libros
LUIS G. INCLAN LUIS G. INCLAN 338.5 P248m 44889 12 Libros
LUIS G. INCLAN LUIS G. INCLAN 338.5 P248m 46234 13 Libros
Calzada Tecnológico # 27, Zacatepec, Morelos.
01(734) 343-07-23 / 343-21-10 / 343-21-11
Apdo. Postal 45 C.P 62780